000
00305nam a2200121Ia 4500
008
190216s9999||||xx |||||||||||||| ||und||
100
_a
William J Baumol
245
0
_a
Economic Theory And Operations Analysis
260
_b
Pentice Hall Of India
_c
1970
300
_a
606p
650
_a
Economics
942
_c
BK
999
_c
9246
_d
9246